| 000 | 00862ntm a22002297a 4500 | ||
|---|---|---|---|
| 005 | 20170813153951.0 | ||
| 008 | 170802s2013 xx a frb 000 0 eng d | ||
| 040 |
_aEG-ScBUE _beng _cEG-ScBUE |
||
| 082 | 0 | 4 |
_222 _a624 _bFOU |
| 100 | 1 | _aFouad, Amr Kamal El-Din. | |
| 245 | 1 | 0 |
_aIntroducing the performance based design method as a new approach in the earthquake engineering / _cby Amr Kamal El-Din Fouad. |
| 260 | _c2013. | ||
| 300 |
_a70 p. : _bill. (col.) ; _c28 cm. |
||
| 500 | _aA dissertation submitted to the faculty of engineering, the British university in Egypt, in partial fulfillment of the requirements for the bachelor degree in civil engineering. | ||
| 590 | _aAishaa. | ||
| 650 | 7 |
_2BUEsh _aCivil Engineering _vProjects |
|
| 653 |
_bENGCIV _cAugust2017 |
||
| 655 | _vSPRO | ||
| 700 | 1 |
_aShedid, Marwan, _eths. |
|
| 777 | _ASPRO | ||
| 942 | _2ddc | ||
| 999 |
_c25166 _d25138 |
||